000 00486nam a2200193 a 4500
001 1773825107300
003 YourLibrary
005 20260318144535.0
008 260318s2001##################000#0#eng##
020 _a9780335204366
082 0 4 _a362.175072FIE
100 1 _aField, David,
_eauthor.
245 1 0 _aResearching Palliative Care :
260 _c2001.
300 _a216 pages
650 0 _aHealth & Fitness.
942 _cENGLISH
040 _aYourLibrary
_beng
_cYourLibrary
999 _c617855
_d617855